[Event "Cacoal op"]
[Site "Cacoal"]
[Date "2024.08.24"]
[Round "2"]
[White "Souza, Bianca Miller"]
[Black "Larga, Carlos Eduardo dos"]
[Result "0-1"]
[WhiteElo "1754"]
[BlackElo "1620"]
[PlyCount "56"]
[EventDate "2024.08.23"]
[EventType "swiss"]
[EventRounds "6"]
[EventCountry "BRA"]
[SourceTitle "CB36_2024"]
[SourceDate "2024.09.04"]
[SourceVersion "1"]
[SourceVersionDate "2024.09.04"]
[SourceQuality "1"]

1. e4 c5 2. Nf3 d6 3. Bc4 e6 4. Nc3 Nc6 5. Bb5 Bd7 6. Bxc6 Bxc6 7. d3 g6 8. Be3 Bg7 9. d4 cxd4 10. Bxd4 e5 11. Be3 Nf6 12. Bg5 h6 13. Bxf6 Bxf6 14. 0-0 0-0 15. Qd2 Kh7 16. Rad1 Be7 17. Rfe1 Qb6 18. b3 f5 19. Na4 Qc7 20. exf5 Bxf3 21. fxg6+ Kg7 22. gxf3 Rxf3 23. Re3 Raf8 24. Rxf3 Rxf3 25. Qe2 Qc6 26. Rd3 Rf6 27. Rc3 Rxg6+ 28. Kf1 Qh1# 0-1

[Event "Recife Cacoal op"]
[Site "Recife"]
[Date "2024.06.02"]
[Round "5"]
[White "Pego, Ana Vitoria Anaclet"]
[Black "Souza, Bianca Miller"]
[Result "1-0"]
[WhiteElo "1757"]
[BlackElo "1800"]
[PlyCount "121"]
[EventDate "2024.05.31"]
[EventType "swiss"]
[EventRounds "6"]
[EventCountry "BRA"]
[SourceTitle "CB24_2024"]
[SourceDate "2024.06.12"]
[SourceVersion "1"]
[SourceVersionDate "2024.06.12"]
[SourceQuality "1"]

1. c4 e5 2. e4 Nf6 3. d3 Bb4+ 4. Bd2 Bxd2+ 5. Nxd2 Nc6 6. Nb1 0-0 7. Nc3 d6 8. Qc2 Nd4 9. Qd2 Be6 10. a3 Nb3 11. Qd1 Nxa1 12. Qxa1 c6 13. Nf3 d5 14. exd5 cxd5 15. cxd5 Bxd5 16. Nxe5 Re8 17. d4 Nd7 18. Nxd5 Nxe5 19. Bb5 Nc6+ 20. Ne3 Qxd4 21. Bxc6 bxc6 22. 0-0 Rab8 23. Rd1 Qxb2 24. Qxb2 Rxb2 25. Nc4 Rbe2 26. Ne3 Ra2 27. g3 Rxa3 28. Kg2 h6 29. Nf5 c5 30. Rc1 Rc8 31. Ne7+ Kh7 32. Nxc8 Ra5 33. Nd6 Ra6 34. Nb7 Kg6 35. Nxc5 Rc6 36. h4 a5 37. Rc4 a4 38. Rg4+ Kf5 39. Rf4+ Ke5 40. Nxa4 g5 41. hxg5 hxg5 42. Rxf7 Rf6 43. Re7+ Re6 44. Rc7 Kd6 45. Rc5 Re4 46. Rxg5 Rxa4 47. Rg6+ Ke5 48. Rg5+ Kf6 49. f4 Ra2+ 50. Kh3 Ra7 51. Rh5 Ra3 52. Rh6+ Kf5 53. Rh5+ Kg6 54. Kh4 Rxg3 55. f5+ Kf6 56. Kxg3 Ke5 57. Kg4 Kf6 58. Rh6+ Kg7 59. Ra6 Kf7 60. f6 Kf8 61. Kg5 1-0